000 00518nam a22001817a 4500
999 _c6195
_d6195
003 GBCCL
005 20241126110558.0
008 180503b ||||| |||| 00| 0 eng d
040 _cgbc
082 _a261.27
_bBUT
100 _aButrus, Archpriest Zachariah
_911133
245 _aGod is one in the holy trinity /
_cArchpriest Zachariah Butrus
260 _aRikon:
_bGood Way,
_c1988
300 _a54 p.;
_c16 cm.
650 _aChristianity and other religions
_xIslam
_91068
650 _aTrinity
_97312
942 _2ddc
_cBK